[Event "Challenge"]
[Site "http://www.queenalice.com/game.php?id=1370258"]
[Date "2015.7.7"]
[Round "-"]
[White "dourado86"]
[Black "LaB"]
[Result "0-1"]
[WhiteElo "1428"]
[BlackElo "1860"]

1. e4 e5 2. Nf3 Nc6 3. Bc4 Bc5 4. Ng5 Qxg5 5. O-O Qe7 6. Nc3 Nf6 7. Na4 Nxe4 8.
d4 Bxd4 9. Qf3 Nf6 10. c3 Bb6 11. Bg5 d6 12. Rae1 Bd7 13. b4 O-O-O 14. b5 Na5
15. Bd3 h6 16. Bxf6 Qxf6 17. Qg3 h5 18. Nxb6+ axb6 19. Qe3 h4 20. Be4 Bxb5 21.
Qh3+ Kb8 22. Bd3 Bxd3 23. Qxd3 h3 24. Qxh3 Rxh3 25. gxh3 Nc4 26. Rc1 Qf3 27. a3
Nd2 28. Rfd1 Ne4 29. Ra1 Nxf2 30. Rd2 Nxh3# 0-1

[Event "Challenge"]
[Site "http://www.queenalice.com/game.php?id=1370259"]
[Date "2015.7.7"]
[Round "-"]
[White "dourado86"]
[Black "carlosufpe"]
[Result "0-1"]
[WhiteElo "1456"]
[BlackElo "1615"]

1. e4 d6 2. Nf3 e5 3. d4 exd4 4. Qxd4 Nc6 5. Qc3 Nf6 6. Bb5 Bd7 7. Bf4 Nxe4 8.
Qe3 Qe7 9. O-O Nf6 10. Qc3 Qd8 11. Re1+ Be7 12. Qb3 O-O 13. Ng5 Nd4 14. Qc4 Nxb5
15. a4 d5 16. Qb3 Nd6 17. Bxd6 Bxd6 18. g3 b6 19. Nc3 Be6 20. Nxe6 fxe6 21. Rxe6
Qd7 22. Qxd5 Nxd5 23. Nxd5 Qxe6 24. Rd1 Qe2 25. Rf1 Qxc2 26. Re1 Qxf2+ 27. Kh1
Qxe1+ 28. Kg2 Qd2+ 29. Kh3 Qxd5 30. g4 Qf3+ 31. Kh4 Qf4 32. Kh5 g6+ 33. Kh4 Be7+
34. Kh3 Qf3# 0-1

[Event "Challenge"]
[Site "http://www.queenalice.com/game.php?id=1370260"]
[Date "2015.7.7"]
[Round "-"]
[White "dourado86"]
[Black "JORAM2205"]
[Result "0-1"]
[WhiteElo "1470"]
[BlackElo "1811"]

1. e4 e5 2. Nf3 d6 3. d4 Nc6 4. d5 Nf6 5. Nc3 Be7 6. dxc6 bxc6 7. Bc4 h6 8. O-O
O-O 9. b4 Rb8 10. a3 a6 11. a4 Rxb4 12. Qd3 Bb7 13. Bxa6 Qa8 14. Bxb7 Rxb7 15.
a5 Ra7 16. h3 Rxa5 17. Rxa5 Qxa5 18. g4 Nd7 19. Bd2 Qa7 20. Be3 c5 21. Nd5 Bd8
22. g5 h5 23. g6 fxg6 24. Ng5 Re8 25. Qe2 Qb7 26. Qf3 Rf8 0-1

[Event "Challenge"]
[Site "http://www.queenalice.com/game.php?id=1370261"]
[Date "2015.7.7"]
[Round "-"]
[White "LaB"]
[Black "dourado86"]
[Result "0-1"]
[WhiteElo "1917"]
[BlackElo "1428"]

1. a3 e5 2. e4 Nc6 3. Nf3 Nf6 4. Nc3 Ng4 5. Be2 Bc5 6. O-O O-O 7. h3 Nf6 8. Nxe5
Nxe5 9. d4 Bb6 10. dxe5 Ne8 11. Nd5 c6 12. Nxb6 Qxb6 13. Rb1 d5 14. exd5 cxd5
15. Qxd5 Be6 16. Qd2 Qc5 17. Qc3 Qd5 18. Bf3 Qd7 19. Be3 Rc8 20. Qd3 Bxh3 21.
Bxa7 Bf5 22. Qxf5 Qxf5 23. Bd4 Rxc2 24. Rfe1 Qf4 25. Be4 Rd2 26. g3 Qg4 27. Bc5
Nc7 28. Bxf8 Kxf8 29. Bxb7 Qf5 30. f3 Qh3 0-1

[Event "Challenge"]
[Site "http://www.queenalice.com/game.php?id=1370262"]
[Date "2015.7.7"]
[Round "-"]
[White "dourado86"]
[Black "knightsdefence"]
[Result "0-1"]
[WhiteElo "1466"]
[BlackElo "1763"]

1. e4 e5 2. Bc4 Nf6 3. Nc3 Nxe4 4. Nxe4 d5 5. Bxd5 Qxd5 6. d3 Bf5 7. c4 Qd8 8.
Bg5 Bb4+ 9. Kf1 f6 10. Be3 Nc6 11. Qa4 Qxd3+ 12. Ne2 Qxe4 13. Ng3 Qxc4+ 14. Kg1
Qe6 15. Rd1 O-O 16. a3 Be7 0-1

[Event "Challenge"]
[Site "http://www.queenalice.com/game.php?id=1370263"]
[Date "2015.7.7"]
[Round "-"]
[White "dourado86"]
[Black "Givanildo"]
[Result "0-1"]
[WhiteElo "1462"]
[BlackElo "1688"]

1. e4 d5 2. e5 Be6 3. d4 a6 4. Nf3 h6 5. Bd3 g6 6. O-O Nc6 7. b3 Nb4 8. c3 Nxd3
9. Qxd3 Bg7 10. b4 Qd7 11. Na3 b5 12. Nd2 Bf5 13. Qf3 e6 14. g4 Be4 15. Nxe4
dxe4 16. Qxe4 Ne7 17. g5 h5 18. Qxa8+ Nc8 19. Qxa6 O-O 20. Nxb5 Ne7 21. Na3 Nf5
22. Nc2 Nh4 23. Qd3 Qc6 24. f3 Rd8 25. b5 Qb7 26. a4 Bxe5 27. Qe2 Bg7 28. Qf2
Nf5 29. Ba3 e5 30. dxe5 Bxe5 0-1

[Event "Challenge"]
[Site "http://www.queenalice.com/game.php?id=1370871"]
[Date "2015.7.11"]
[Round "-"]
[White "LaB"]
[Black "dourado86"]
[Result "1-0"]
[WhiteElo "2020"]
[BlackElo "1434"]

1. e4 e5 2. f4 d5 3. exd5 e4 4. Nc3 Nf6 5. Bc4 Bc5 6. h3 Bd7 7. d3 e3 8. d4 Bd6
9. Bxe3 a6 10. Nf3 b5 11. Bb3 Bb4 12. Qd3 Nxd5 13. Bxd5 c6 14. Be4 f5 15. Bxf5
g6 16. Bxd7+ Nxd7 17. O-O O-O 18. Ne5 Nb8 19. Ne4 Be7 20. Nc5 Ra7 21. Ne6 Qe8
22. Nxf8 Qxf8 23. d5 Nd7 24. Bxa7 cxd5 25. Qxd5+ Kh8 26. Qxd7 g5 27. fxg5 Qg7
28. Qe8+ Bf8 29. Rxf8+ Qxf8 30. Qxf8# 1-0

[Event "Challenge"]
[Site "http://www.queenalice.com/game.php?id=1371717"]
[Date "2015.7.15"]
[Round "-"]
[White "dourado86"]
[Black "Antakira"]
[Result "0-1"]
[WhiteElo "1432"]
[BlackElo "1768"]

1. e4 e5 2. Nf3 d6 3. Bc4 h6 4. O-O Nf6 5. d4 exd4 6. Qxd4 Nc6 7. Qe3 Qe7 8. Nc3
Bd7 9. Nh4 g5 10. Nf5 Bxf5 11. exf5 Ne5 12. Nd5 Qd8 13. Nxf6+ Qxf6 14. Bd3 Be7
15. Qe4 c6 16. c4 O-O 17. Be2 Nd7 18. Qe3 c5 19. a3 Rfe8 20. Bd2 Bd8 21. Qf3 Rb8
22. Bc3 Qe7 23. Qh5 Qf8 24. Qg4 Bf6 25. Bxf6 Nxf6 26. Qf3 b6 27. a4 a5 28. Bd3
Qg7 0-1

[Event "Challenge"]
[Site "http://www.queenalice.com/game.php?id=1371866"]
[Date "2015.7.17"]
[Round "-"]
[White "dourado86"]
[Black "SAROS"]
[Result "0-1"]
[WhiteElo "1434"]
[BlackElo "1836"]

1. e4 e6 2. Nf3 c6 3. Bd3 d5 4. e5 f6 5. O-O fxe5 6. Nxe5 Qf6 7. Qe1 Bd6 8. Ng4
Qh4 9. Bf5 Ne7 10. g3 Qh5 11. Bxe6 Na6 12. Bxc8 Rxc8 13. Ne3 O-O 14. Nc3 Nc5 0-1

[Event "Challenge"]
[Site "http://www.queenalice.com/game.php?id=1375590"]
[Date "2015.8.5"]
[Round "-"]
[White "dourado86"]
[Black "LaB"]
[Result "0-1"]
[WhiteElo "1438"]
[BlackElo "1910"]

1. e4 e5 2. Nf3 Nc6 3. Bc4 Bc5 4. O-O Nf6 5. Qe1 O-O 6. Nc3 Be7 7. Qd1 d6 8. d4
exd4 9. Nxd4 Bd7 10. Nf5 Bxf5 11. exf5 Ne5 12. Nd5 Nxd5 13. Bxd5 c6 0-1

[Event "Challenge"]
[Site "http://www.queenalice.com/game.php?id=1376019"]
[Date "2015.8.7"]
[Round "-"]
[White "dourado86"]
[Black "OsirBon"]
[Result "0-1"]
[WhiteElo "1442"]
[BlackElo "1830"]

1. e4 c6 2. d4 d5 3. e5 Bf5 4. Nf3 e6 5. Nfd2 Bb4 6. g4 Bg6 7. a3 Ba5 8. h4 h6
9. h5 Bh7 10. b4 Bc7 11. Nc3 Ne7 0-1

[Event "Challenge"]
[Site "http://www.queenalice.com/game.php?id=1376022"]
[Date "2015.8.7"]
[Round "-"]
[White "dourado86"]
[Black "alfiere7"]
[Result "0-1"]
[WhiteElo "1453"]
[BlackElo "1575"]

1. e4 e5 2. Nf3 Nf6 3. Nc3 b6 4. Bc4 d6 5. O-O Bb7 6. d4 Nxe4 7. dxe5 Be7 8.
exd6 cxd6 9. Nxe4 Bxe4 10. Qd4 Bxf3 11. gxf3 O-O 12. Re1 Nc6 13. Qc3 Ne5 14. Be2
Bf6 15. f4 Nd7 0-1

[Event "Challenge"]
[Site "http://www.queenalice.com/game.php?id=1376023"]
[Date "2015.8.7"]
[Round "-"]
[White "dourado86"]
[Black "Rod_"]
[Result "0-1"]
[WhiteElo "1455"]
[BlackElo "1821"]

1. e4 d6 2. d4 e6 3. Nf3 Nf6 4. Nc3 a6 5. Bd3 h6 6. O-O Bd7 7. e5 dxe5 8. dxe5
Nd5 9. Be4 Bc6 10. Ne2 Bb5 11. b3 Nd7 12. c4 Bxc4 13. bxc4 N5b6 14. Bxb7 Ra7 15.
Bc6 Nxc4 16. Qb3 Na5 17. Qc3 Nxc6 18. Qxc6 Be7 19. Be3 Ra8 20. g3 f6 21. exf6
Bxf6 22. Bd4 O-O 23. Bxf6 Rxf6 24. Qe4 Nc5 25. Qg4 Rf8 26. Rad1 Qf6 27. Ned4 e5
28. Nf5 Qxf5 29. Qxf5 Rxf5 30. Rd5 Rxf3 31. Rxc5 Rc8 0-1